| 000 | 00549nam a22001697a 4500 | ||
|---|---|---|---|
| 003 | NUST | ||
| 038 | _aNusrat Nadeem | ||
| 082 | _a200 | ||
| 100 |
_aShafi, Muhammad Danial _9120306 |
||
| 245 |
_aDesign and Development of Broadband Absorptive Metasurface/ _cMuhammad Danial Shafi, |
||
| 264 |
_aIslamabad, _c2023. _bSEECS, |
||
| 300 |
_aill: _b53,p: _c30,cm. |
||
| 650 |
_aMS-Electrical Engineering _923567 |
||
| 700 |
_aSupervisor: Dr. Nosherwan Shoaib _996841 |
||
| 856 | _uhttp://10.250.8.41:8080/xmlui/handle/123456789/41446 | ||
| 942 |
_2ddc _cSC |
||
| 999 |
_c607668 _d607668 |
||